000 00778nam a2200301Ia 4500
001 8044
005 20240113234047.0
007 ta
008 050715s1961 a g b000 u 465 u
020 _cPB
040 _aCotton College,Assam
041 _a465
082 _a581.4
_bEa 62 M
100 _aEames, Arthur J. .
245 0 _aMorphology of the Angiosperms /
_cArthur J. Eames.
_hTextual Documents
250 _a1st ed. /
260 _aNew York :
_bMcGraw - Hill book company ,
_cC1961.
300 _axiii,518p. :
_bill ;
_c24cm. .
504 _aBib.,Index
653 _aBotany
653 _aPlant Morphology
653 _aPlant- Angiosperms
653 _aG-Botany
942 _2ddc
_cBK
999 _c8031
_d8031